02252cam a22002775a 45000010009000000050017000090080041000260200030000670400033000970820020001301000027001502450127001772600067003043000033003715000024004045040041004285201114004696500066015836500055016496530035017047000031017397000023017709420008017939990017018019520156018181804669420151104120006.0140225s2014 enka frb 001 0 eng d a9780415702522 (paperback) aDLCbengcDLCdDLCdEG-ScBUE04a720.76222bHAB1 aHabraken, N. J.93867410aConversations with form :ba workbook for students of architecture /cN. John Habraken, Andres Mignucci, Jonathan Teicher. aOxon ;aNew York :bRoutledge / Taylor & Francis Group,c2014. avii, 247 p :bill. ;c23 cm. aIndex : p. 243-247. aIncludes bibliographical references. a"Through a progressive series of exercises - accompanied by observational studies, examples and applied theory - Conversations with Form: A Workbook for Students of Architecture improves designers' understanding, dexterity and resilience in making form. It specifically focuses on the skills needed to succeed in the everyday context in which the vast majority of architects will ultimately design and build, wherein no one designs in isolation and existing conditions never represent a tabula rasa. The text begins by familiarizing readers with utilizing step-by-step sequences of moves to steer the development of built form and rapidly moves to designs of increasing complexity. These design plays treat a wide-ranging series of topics including structures, patterns, types, systems and other kinds of shared form principles. Conversations with Form is a workbook for honing hands-on skills and tools of the architect's trade. Beautifully illustrated and focused on practical, usable information, the book provides architectural students with an accessible and useable handbook for their design practice"-- 7aArchitectural designvProblems, exercises, etc.2BUEsh937747 0aArchitecturexComposition, proportion, etc.2BUEsh bENGARCcJune2015cNovember20151 aMignucci Giannoni, Andres,1 aTeicher, Jonathan, 2ddc c19712d19684 00102ddc40708AlahramaMAINbMAINc2NDd2015-06-17ePurchaseg360.00h318l3m74o720.76 HABp000038562r2025-11-17 00:00:00s2018-11-26v450.00yBB